000 00582nam a2200145Ia 4500
008 231129s2010||||xx |||||||||||||| ||spa||
020 _a978-958-710-608-4
040 _bspa
082 _a338.4791 C719
100 _aColoquio Internacional "Desarrollo territorial y turismo : una aproximación a partir de la valorización turí­stica ( 2010: Bogotá)
245 0 _aDesarrollo territorial y turismo : una aproximación a partir de la valorización turí­stica
260 _c2010
264 _aUniversidad Externado de Colombia
942 _2ddc
_cBKS
999 _c9056
_d9056